Vritthavichaaram:A Commentary on Bhashavrittham (Record no. 30020)

MARC details
000 -LEADER
fixed length control field 00458nam a2200145Ia 4500
008 - FIXED-LENGTH DATA ELEMENTS--GENERAL INFORMATION
fixed length control field 211109s9999||||xx |||||||||||||| ||und||
082 ## - DEWEY DECIMAL CLASSIFICATION NUMBER
Classification number 894.89107
Item number VAD-V
100 ## - MAIN ENTRY--PERSONAL NAME
Personal name Vadhyar, K K
245 #0 - TITLE STATEMENT
Title Vritthavichaaram:A Commentary on Bhashavrittham
260 ## - PUBLICATION, DISTRIBUTION, ETC.
Name of publisher, distributor, etc. Sahithya Pravarthaka...
Place of publication, distribution, etc. Kottayam
Date of publication, distribution, etc. 1967
300 ## - PHYSICAL DESCRIPTION
Extent 213p.
630 ## - SUBJECT ADDED ENTRY--UNIFORM TITLE
General subdivision General Stack
650 ## - SUBJECT ADDED ENTRY--TOPICAL TERM
Topical term or geographic name entry element Altaic, Uralic, Hyperborean & Dravidian
942 ## - ADDED ENTRY ELEMENTS (KOHA)
Koha item type BOOK
650 ## - SUBJECT ADDED ENTRY--TOPICAL TERM
Form subdivision Literature & rhetoricStudy
General subdivision Malayalam
Holdings
Withdrawn status Lost status Damaged status Not for loan Home library Current library Date acquired Cost, normal purchase price Total Checkouts Full call number Barcode Shelving location Date last seen Price effective from Koha item type
        SB LIBRARY SB LIBRARY 09/11/2021 3.00   894.89107 VAD-V 00030900 GENERAL STACK 09/11/2021 09/11/2021 BOOK

Powered by Koha